| 000 | 00747nam a2200289Ia 4500 | ||
|---|---|---|---|
| 001 | Z_4284 | ||
| 003 | CHAP | ||
| 008 | 220113sc198 xx 000 0 und d | ||
| 010 | _a167349 | ||
| 020 | _a84-252-1386-X | ||
| 040 | _cCHAP | ||
| 082 | _a001.6424 A3 | ||
| 100 |
_aAguilar-Amat, A _9141521 |
||
| 245 |
_aMS-DOS en la práctica hasta la versión 3.3 / _cA Aguilar-Amat |
||
| 260 |
_aBarcelona : _bGustavo Gili, _cc198 |
||
| 300 | _a155 p. | ||
| 440 |
_a(Colección informática de gestión) _924879 |
||
| 503 | _a146349, 200797 | ||
| 650 |
_aMS _xDOS _9139307 |
||
| 650 |
_aSistemas operativos (Computadoras) _9106775 |
||
| 901 | _a001.6424 A3 | ||
| 902 | _aM | ||
| 910 | _ac198 | ||
| 942 | _c1 | ||
| 942 | _cc1 | ||
| 999 |
_c167349 _d167349 |
||